Kultura - ekologická kategorie?

Bibliographic Details
Main Author: Šmajs, Josef 1938- (Author)
Format: Article
Language:Slovak
Czech
Subjects:

MARC

LEADER 00000nab a2200000 a 4500
001 vtls000536877
003 SK-MaSNL
005 20260304095122.0
008 250425c1994 xo 0 slo
015 |a SNBRB19rr/mm-uuuuu 
035 |a CL0537015 
035 |a urn:nbn:sk:snk-abdjg 
035 |a (urnnbn)urn:nbn:sk:snk:ar-a03tzz 
035 |a (uuid)3f4c92ef-2652-486b-a65a-7d9579dada46 
040 |a SNKBUCL  |b slo  |c SNKBUCL  |e AACR2 
041 0 |a cze 
044 |a xo  |c SK 
080 |a 141.7:008  |2 1981 
080 |a 008  |2 1981 
100 1 |a Šmajs, Josef  |d 1938-  |4 aut  |9 23102 
245 1 0 |a Kultura - ekologická kategorie?  |c Josef Šmajs 
300 |b Lit. 2 zázn. v češ. 
650 0 7 |a kultúra  |2 snkbucl  |9 886 
655 7 |a články z novín a časopisov  |2 snkbucl  |9 267496 
773 0 |t Filozofia  |g Roč. 49, č. 6 (1994), s. 365-369  |x 0046-385X 
850 |a Slovenská národná knižnica 
852 |a Slovenská národná knižnica 
954 |a odborná, vedecká literatúra cudzojazyčná (svetová)  |2 lita 
954 |a odborná, vedecká literatúra pôvodná (slovenská)  |2 lita 
958 |a article27 
958 |a OND 
958 |a RK 
958 |a EUIPO 
992 |a RBX 
999 |c 2830833  |d 2832763